000 00564nam a2200193Ia 4500
008 251121s9999 xx 000 0 und d
082 _a342.83 C758o 1988 HNA
100 _aAylwin Azócar, Arturo, 1927- 
_934468
245 0 _aConstitución ‘80: Estudio crítico.
250 _a1a. edición
260 _aEditorial Jurídica Ediar-ConoSur
260 _bSantiago, Chile
260 _c1988
300 _a184p.
500 _aColección Humberto Nogueira Alcalá
650 _aChile
_9121
650 _aConstitución de 1980
_92223
942 _cLIBRO
_2ddc
999 _c19452
_d19452